Notable Native Americans - Statistics

General Stats
  • This quiz has been taken 81 times
  • The average score is 5 of 15
Answer Stats
Description Name % Correct
19th century Hunkpapa Lakota holy man and later a performer with Buffalo Bill's Wild West show. Sitting Bull
88%
Chiricahua Apache leader and medicine man who fought the US and Mexico in the 1800s Geronimo
72%
19th century Oglala Lakota leader who fought the U.S. over encroachment of settlers. Crazy Horse
70%
Nez Perce leader famous for the quote, "I will fight no more forever" Chief Joseph
44%
Shawnee warrior and chief, born near present day Cillicothe Ohio in 1768 Tecumseh
39%
Gold medal winning decathlete and pentathlete, he also competed in professional American football, professional basketball and professional baseball. Jim Thorpe
38%
Advisor and translator between the Mayflower colonists and the Pokanoket tribe in present-day Massachusetts Squanto
33%
Humorist, cowboy, newspaper columnist, film actor Will Rogers
27%
Pre-colonial leader of the Iroquois Confederacy Hiawatha
23%
Cherokee silversmith who created an independant, effective, original system which made reading and writing possible in his language. Sequoyah
23%
Manitoba actor who starred in "Flags of Our Fathers", "Smoke Signals", and "Windtalkers" Adam Beach
13%
Marine Corporal who was photographed helping to raise the US flag at Iwo Jima Ira Hayes
13%
1964 Olympic champion in the 10,000 meters and 3 time All-American. Also a First Lieutenant in the US Marines Billy Mills
9%
Onkwehonwe Mohawk musician played guitar with The Band and Bob Dylan Robbie Robertson
8%
Coeur dAlene novelist, short-story writer and poet who adapted his book "The Lone Ranger and Tonto Fistfight in Heaven" into the first "all Indian" movie "Smoke Signals" Sherman Alexie
6%
No matching quizzes found
Score Distribution
Percent of People with Each Score
Percentile by Number Answered
Your Score History
You have not taken this quiz